000 02009cam a2200529Ii 4500
001 ocn885230116
003 OCoLC
005 20200710114705.0
008 140804t20152015nyua j 000 1 spa d
020 _a9780544430730
_q(Board book)
020 _a0544430735
_q(Board book)
035 _a(OCoLC)885230116
040 _aBTCTA
_beng
_erda
_cBTCTA
_dGK8
_dCLE
_dOCLCO
_dVP@
_dOCLCF
_dOCLCO
_dCPL
_dOCLCO
_dT7L
_dJTH
_dOCLCO
_dOCL
_dOCLCO
_dIGA
_dTXLAP
_dDCB
_dCHILD
_dOCLCQ
_dLKC
041 1 _aspa
_aeng
_heng
049 _aORXA
050 4 _aPZ73
_b.S7584 2015
082 0 4 _a[E]
_223
099 _fSPANISH
_ajbb 2015
100 1 _aWalsh, Ellen Stoll,
_eauthor,
_eillustrator.
245 1 0 _aFiguras y ratones =
_bMouse shapes /
_cEllen Stoll Walsh ; translation by Carlos E. Calvo.
246 3 1 _aMouse shapes.
260 _aNew York, New York :
_bHoughton Mifflin Harcourt,
_cc2015.
264 1 _aNew York, New York :
_bHoughton Mifflin Harcourt,
_c[2015]
264 4 _cc2015.
300 _a1 volume (unpaged) :
_bcolor illustrations ;
_c11 x 12 cm.
336 _atext
_btxt
_2rdacontent.
336 _astill image
_bsti
_2rdacontent.
337 _aunmediated
_bn
_2rdamedia.
338 _avolume
_bnc
_2rdacarrier.
500 _aCover title.
500 _aTranslation of: Mouse shapes.
500 _aOn board pages.
520 _aThree mice make a variety of things out of different shapes as they hide from a scary cat.
546 _aParallel text in Spanish and English.
650 0 _aShapes
_vJuvenile fiction.
650 0 _aMice
_vJuvenile fiction.
650 7 _aRatones
_vNovela juvenil.
_2bidex.
650 7 _aFiguras
_vNovela juvenil.
_2bidex.
655 0 _aBoard books.
655 7 _aMateriales en espa©łol
_xBiling©ơe.
_2qlsp.
655 7 _aBoard books.
_2lcgft.
690 _aSpanish language edition
_vJuvenile fiction.
700 1 _aCalvo, Carlos E.,
_etranslator.
700 1 2 _aWalsh, Ellen Stoll.
_tMouse shapes.
_lSpanish.
700 1 2 _aWalsh, Ellen Stoll.
_tMouse shapes.
942 _cBK
999 _c19411
_d19411